[Event "FRA-chT4 0506"]
[Site "France"]
[Date "2005.11.20"]
[Round "3"]
[White "Bousseffa, Sadok"]
[Black "Corbineau, Julien"]
[Result "1-0"]
[WhiteElo "1729"]
[BlackElo "1510"]
[PlyCount "75"]
[EventDate "2005.10.02"]
[EventType "team"]
[EventRounds "9"]
[EventCountry "FRA"]
[SourceTitle "EXT 2007"]
[Source "ChessBase"]
[SourceDate "2006.11.23"]
[SourceVersion "1"]
[SourceVersionDate "2006.11.23"]
[SourceQuality "1"]

1. d4 d5 2. c4 Nf6 3. cxd5 Qxd5 4. Nc3 Qc6 5. Nf3 Nbd7 6. Bf4 e6 7. a3 a6 8. Rc1 b5 9. e3 Bd6 10. Nxb5 Qb6 11. Bxd6 axb5 12. Bxc7 Qb7 13. Bd6 Qa6 14. Bb4 Nd5 15. Qb3 N7f6 16. Bc5 Qa5+ 17. Bb4 Qb6 18. Bd3 Bd7 19. 0-0 Nxb4 20. Qxb4 Nd5 21. Qc5 Qa6 22. Qc2 0-0 23. Ne5 Rac8 24. Qb1 Qd6 25. Bxh7+ Kh8 26. Rfd1 Nf6 27. Be4 Kg8 28. Qd3 Nxe4 29. Qxe4 f5 30. Qh4 Rf6 31. Qg5 Rh6 32. h3 Re8 33. Rc5 Rc8 34. Rxc8+ Bxc8 35. Rc1 Bb7 36. Rc5 Qb6 37. Qe7 Rf6 38. Rc7 1-0